000 00862cab a2200265 4500
001 ABS58767
008 090401t1998 xxu||||| |||| 00| 0 eng d
035 _a(Sirsi) u86660
041 _aeng
100 _aHalman, G.
245 _aMinisterial U-turn poses big question
260 _c1998
350 _a0
490 _aPlanning (for the Natural and Built Environment)
_v(1270) 29 May 1998, 9(1)
520 _aReviews why the decision of the SoS Environment to remove planning permission at Hedge End, Eastleigh was quashed. Draws conclusions for later retailers under PPG6.
650 _aHEDGE END
650 _aPLANNING APPEALS
650 _aPLANNING CONTROL
650 _aPLANNING POLICY GUIDANCE NOTE SIX
650 _aRETAILERS
650 _aSEQUENTIAL TESTING
690 _aPLANNING LAW AND PRACTICE
942 _n0
948 _c08/06/1998
999 _c54572
_d54572